| 000 | 00981cam a2200325 i 4500 | ||
|---|---|---|---|
| 999 |
_c200446213 _d64425 |
||
| 001 | 200446213 | ||
| 003 | TR-AnTOB | ||
| 005 | 20220706161653.0 | ||
| 007 | ta | ||
| 008 | 880209s1958 gw a b 000 0 ger d | ||
| 035 | _a(OCoLC)17452401 | ||
| 035 | _a(TR-AnTOB)200446213 | ||
| 040 |
_aEEM _beng _erda _cEEM _dUtOrBLW _dTR-AnTOB |
||
| 041 | 0 | _ager | |
| 050 | 4 |
_aTS1109 _b.E54 1958 |
|
| 090 |
_aTS1109 _b.E54 1958 |
||
| 100 | 1 |
_aEngel, Kurt _eauthor _9134294 |
|
| 245 | 1 | 0 |
_aGestrichene Papiere : _bBunt- Chromo- und Kunst- druckpapiere / _cvon Kurt Engel. |
| 264 | 1 |
_aWiesbaden : _bSändig, _c1958. |
|
| 300 |
_a248 pages : _billustrations ; _c24 cm |
||
| 336 |
_atext _btxt _2rdacontent |
||
| 337 |
_aunmediated _bn _2rdamedia |
||
| 338 |
_avolume _bnc _2rdacarrier |
||
| 490 | 0 |
_aPapiertechnische Bibliothek ; _vBd. 10. |
|
| 650 | 0 |
_aPaper coatings _9134515 |
|
| 650 | 0 |
_aPaper products _9134925 |
|
| 942 |
_2lcc _cBK |
||